| 000 | 00822nam a22002177a 4500 | ||
|---|---|---|---|
| 003 | BD-DhUL | ||
| 005 | 20160907200754.0 | ||
| 008 | 160907s2003 bg ||||| |||| 001 0 ben d | ||
| 020 | _a984401736X | ||
| 040 |
_aBD-DhUL _cBD-DhUL |
||
| 082 |
_a954.92 _bAZA |
||
| 100 | 1 | _aআজাদ, হুমায়ুন | |
| 245 | 1 | 0 |
_aআমরা কি এই বাঙলাদেশ চেয়েছিলাম / _cহুমায়ুন আজাদ |
| 250 | _a২য় সং | ||
| 260 |
_aঢাকা : _bআগামী প্রকাশনী, _c২০০৩. |
||
| 300 |
_a ১২০ পৃ. ; _c২২ সে. মি. |
||
| 365 |
_aBDT _b100.00 |
||
| 650 | 0 | _aবাংলাদেশ ইতিহাস-মুক্তিযুদ্ধ | |
| 651 | _aBangladesh Liberation War History | ||
| 942 |
_2ddc _cBK |
||
| 999 |
_c104771 _d104771 |
||